Most Population Islands - Statistics

General Stats
  • This quiz has been taken 38 times
  • The average score is 11 of 16
Answer Stats
Population Country % Correct
11,167,325 Cuba
86%
141,370,000 Java
86%
25,571,000 Madagascar
86%
62,600,000 Great Britain
80%
21,258,000 Borneo
77%
104,000,000 Honshu
77%
21,203,000 Sri Lanka
77%
50,180,000 Sumatra
77%
23,461,708 Taiwan
74%
21,107,000 Hispaniola
63%
11,818,000 New Guinea
60%
53,336,134 Luzon
57%
18,455,058 Sulawesi
51%
25,537,691 Mindanao
46%
13,200,000 Kyushu
40%
15,111,974 Salsette
14%
No matching quizzes found
Score Distribution
Percent of People with Each Score
Percentile by Number Answered
Your Score History
You have not taken this quiz